| 000 | 02199nas a22003855i 4500 | ||
|---|---|---|---|
| 001 | 2524-6372 | ||
| 003 | DE-He213 | ||
| 005 | 20260304140653.0 | ||
| 007 | cr nn 008mamaa | ||
| 008 | 150723s||||||||xxkuu poo|||||| b|EN |d | ||
| 022 | _a2524-6372 | ||
| 024 | 7 |
_a40793 _2local |
|
| 210 | 1 | 0 | _aEnvironmental Microbiome |
| 245 | 1 | 0 |
_aEnvironmental Microbiome _h[electronic resource] / _cedited by Joy Watts. |
| 247 | 0 | 0 | _aStandards in Genomic Sciences |
| 264 | 1 |
_aLondon : _bBioMed Central : _bImprint: BioMed Central. |
|
| 300 | _bonline resource. | ||
| 520 | _aMicroorganisms can be found across all environments on Earth; adapting to external changes, being central to Earth’s systems and cycles, an essential part of agricultural practices, and - through applied microbiology - providing solutions to our everyday needs. Environmental Microbiome acknowledges this universal presence and importance and is seeking submissions addressing the varied facets of environmental and applied microbiome research. These studies include (but are not limited to) aspects of: air, soil and aquatic microbial ecology, microbiome analyses bioremediation microbiome of the built environment geomicrobiology microbial interaction with plants and agricultural crops extreme environment microbiology and astrobiology. Genome sequences can be submitted if they are a fully integrated aspect of a research article which elucidates the function and role of the microorganisms in their environmental communities. | ||
| 650 | 0 | _aMicrobial ecology. | |
| 650 | 0 |
_aMicrobial populations. _915643 |
|
| 650 | 0 | _aMicrobial genetics. | |
| 650 | 0 | _aMicrobial ecology. | |
| 650 | 0 | _aAgriculture. | |
| 650 | 0 |
_aMicrobiology. _9500 |
|
| 650 | 1 | 4 | _aMicrobial Ecology. |
| 650 | 2 | 4 |
_aMicrobial Communities. _915644 |
| 650 | 2 | 4 | _aMicrobial Genetics. |
| 650 | 2 | 4 |
_aEnvironmental Microbiology. _91421 |
| 650 | 2 | 4 | _aAgriculture. |
| 650 | 2 | 4 |
_aMicrobiology. _9500 |
| 700 | 1 |
_aWatts, Joy. _eeditor. _4edt _4http://id.loc.gov/vocabulary/relators/edt _924140 |
|
| 710 | 2 | _aSpringerLink (Online service) | |
| 856 | 4 | 0 |
_uhttps://environmentalmicrobiome.biomedcentral.com _zOpen Access |
| 999 |
_c460343 _d460343 |
||